000 00646nam a2200157 a 4500
001 000031899
005 20200930063251.0
008 110707s2008 dr 000 0 spa d
040 _aDO-SdBNP
_bspa
_cBNPHU
082 _axxxx
_bJ36t
100 1 _aJáquez, Inés
_958092
245 1 0 _aTransición :
_bpinturas y esculturas /
_cInés Jáquez.
260 _aSanto Domingo, :
_bLa Galería del Hotel Intercontinental V Centenario Santo Santo Domingo,
_c2008.
300 _a4 p. ;
_c21 cm.
500 _a"Transición" exposición individual de la artista Inés Jáquez de Bidó realizada el lunes 29 de abril a las 7:30 de la noche en el Hotel V Centenario
999 _c31390
_d31390